[Event "Charlesbourg Zukertort"]
[Site "Charlesbourg CAN"]
[Date "2011.05.30"]
[Round "5"]
[White "Lessard, Claude"]
[Black "Fecteau, Martin"]
[Result "1/2-1/2"]
[WhiteElo "2094"]
[BlackElo "2032"]
[PlyCount "123"]
[GameId "2160767909770569"]
[EventDate "2011.04.25"]
[EventType "swiss"]
[EventRounds "5"]
[EventCountry "CAN"]
[SourceTitle "EXT 2022"]
[Source "ChessBase"]
[SourceDate "2021.10.06"]
[SourceVersion "1"]
[SourceVersionDate "2021.10.06"]
[SourceQuality "1"]

1. d4 Nf6 2. Nf3 d5 3. c4 c6 4. Nc3 e6 5. Bg5 Nbd7 6. e3 Qa5 7. Bxf6 Nxf6 8. Bd3 Bd6 9. O-O O-O 10. a3 dxc4 11. Bxc4 e5 12. h3 e4 13. Nd2 Qf5 14. f4 exf3 15. Nxf3 Qg6 16. Bd3 Qh6 17. e4 Qe3+ 18. Kh1 Nh5 19. Ne2 Ng3+ 20. Nxg3 Bxg3 21. Qd2 Qxd2 22. Nxd2 Be6 23. Nf3 Rad8 24. Rac1 h6 25. Bc4 Bxc4 26. Rxc4 Rd7 27. Ng1 Bc7 28. Nf3 Rfd8 29. g4 f6 30. Kg2 Re8 31. e5 fxe5 32. dxe5 Bxe5 33. Rf2 Bc7 34. g5 Bb6 35. Rfc2 hxg5 36. Nxg5 Rd1 37. Nf3 g6 38. h4 Re7 39. Rg4 Kh7 40. a4 Kh6 41. b4 a6 42. Rg5 Re4 43. b5 axb5 44. axb5 c5 45. Ne5 Kh7 46. Nxg6 c4 47. Nf8+ Kh8 48. Ng6+ Kh7 49. Nf8+ Kh8 50. h5 Rg1+ 51. Kf3 Re3+ 52. Kf4 Rf1+ 53. Kg4 Rxf8 54. Rxc4 Re1 55. Rg6 Rg1+ 56. Kh3 Rxg6 57. hxg6 Kg7 58. Re4 Kxg6 59. Re6+ Rf6 60. Re7 Rf7 61. Re6+ Rf6 62. Re7 1/2-1/2

[Event "Charlesbourg Zukertort"]
[Site "Charlesbourg CAN"]
[Date "2011.05.30"]
[Round "5"]
[White "Plante, Rejean"]
[Black "Beaudoin, Stephane"]
[Result "1/2-1/2"]
[WhiteElo "2020"]
[BlackElo "1992"]
[PlyCount "101"]
[GameId "2160767909770570"]
[EventDate "2011.04.25"]
[EventType "swiss"]
[EventRounds "5"]
[EventCountry "CAN"]
[SourceTitle "EXT 2022"]
[Source "ChessBase"]
[SourceDate "2021.10.06"]
[SourceVersion "1"]
[SourceVersionDate "2021.10.06"]
[SourceQuality "1"]

1. Nf3 Nf6 2. c4 g6 3. Nc3 Bg7 4. d4 O-O 5. g3 d6 6. Bg2 c6 7. O-O Nbd7 8. h3 Qc7 9. e4 e5 10. Re1 Re8 11. dxe5 dxe5 12. Be3 Nf8 13. Nd2 Ne6 14. c5 Rd8 15. Qc1 Nd7 16. b4 Nf4 17. gxf4 exf4 18. Nc4 fxe3 19. Qxe3 Ne5 20. Nd6 Be6 21. Bf1 b5 22. f4 Nc4 23. Bxc4 Bxc4 24. e5 Qe7 25. a4 a6 26. axb5 axb5 27. Qf3 Qh4 28. Qg4 Qe7 29. Rxa8 Rxa8 30. Nxc4 bxc4 31. Rd1 h5 32. Qg2 Qh4 33. Qxc6 Qg3+ 34. Qg2 Qe3+ 35. Kh1 Ra3 36. Nd5 Qb3 37. Rd2 c3 38. Re2 Ra1+ 39. Kh2 Rd1 40. c6 Rxd5 41. c7 Qc4 42. Qxd5 Qxe2+ 43. Qg2 Qc4 44. Qa8+ Kh7 45. c8=Q Qxf4+ 46. Kg2 Qd2+ 47. Kf3 Qd3+ 48. Kg2 Qe2+ 49. Kg1 Qe1+ 50. Kg2 Qe2+ 51. Kg1 1/2-1/2

[Event "Defi Nez Rouge"]
[Site "Gatineau CAN"]
[Date "2011.11.29"]
[Round "1"]
[White "Berthiaume, Patrick"]
[Black "Arsenault, Yves"]
[Result "0-1"]
[WhiteElo "1311"]
[BlackElo "1537"]
[PlyCount "56"]
[GameId "2160767909573343"]
[EventDate "2011.11.29"]
[EventType "swiss"]
[EventRounds "4"]
[EventCountry "CAN"]
[SourceTitle "EXT 2013"]
[Source "ChessBase"]
[SourceDate "2012.11.22"]
[SourceVersion "1"]
[SourceVersionDate "2012.11.22"]
[SourceQuality "1"]

1. e4 c5 2. Nc3 Nc6 3. g3 Nf6 4. Bg2 e5 5. d3 d6 6. Bg5 Be7 7. Nge2 h6 8. Bxf6 Bxf6 9. Nd5 O-O 10. O-O Be6 11. Nec3 Nd4 12. a4 a6 13. f4 exf4 14. Nxf6+ Qxf6 15. Rxf4 Qe5 16. Nd5 Bxd5 17. exd5 Ne2+ 18. Kh1 Nxf4 19. gxf4 Qxf4 20. c4 Rfe8 21. Rc1 Re3 22. Qb3 Rae8 23. Qd1 Re2 24. b3 Qf2 25. Qf1 Qxf1+ 26. Bxf1 Rb2 27. Rc3 Re1 28. Kg1 Rbb1 0-1

[Event "Defi Nez Rouge"]
[Site "Gatineau CAN"]
[Date "2011.11.29"]
[Round "1"]
[White "Dagenais, Benoit"]
[Black "Desjardins, Michel"]
[Result "0-1"]
[WhiteElo "1670"]
[BlackElo "1866"]
[PlyCount "74"]
[GameId "2160767909573344"]
[EventDate "2011.11.29"]
[EventType "swiss"]
[EventRounds "4"]
[EventCountry "CAN"]
[SourceTitle "EXT 2013"]
[Source "ChessBase"]
[SourceDate "2012.11.22"]
[SourceVersion "1"]
[SourceVersionDate "2012.11.22"]
[SourceQuality "1"]

1. e4 d5 2. exd5 Qxd5 3. Nf3 Bg4 4. Be2 Nc6 5. Na3 e5 6. c4 Qd7 7. Nc2 O-O-O 8. b4 e4 9. Ng5 Bxe2 10. Qxe2 h6 11. Nh3 Qd3 12. b5 Ne5 13. Ne3 Qd4 14. Rb1 Nd3+ 15. Kf1 Nxc1 16. Rxc1 Qxd2 17. Qg4+ Qd7 18. Qxe4 Nf6 19. Qc2 Bc5 20. Rd1 Qe6 21. Nf4 Rxd1+ 22. Qxd1 Qe4 23. Nfd5 Nxd5 24. Qxd5 Qb1+ 25. Qd1 Qxa2 26. Qc2 Qa1+ 27. Nd1 Rd8 28. Ke2 Qe5+ 29. Ne3 Bxe3 30. fxe3 Re8 31. Qd3 Qh5+ 32. Kf2 Rd8 33. Qe2 Qf5+ 34. Kg3 Rd6 35. Qf3 Rg6+ 36. Kf2 Qc2+ 37. Qe2 Rxg2+ 0-1

[Event "Defi Nez Rouge"]
[Site "Gatineau CAN"]
[Date "2011.11.29"]
[Round "1"]
[White "Danilov, Alex"]
[Black "Cossette, Daniel"]
[Result "0-1"]
[WhiteElo "1782"]
[BlackElo "2012"]
[PlyCount "56"]
[GameId "2160767909573345"]
[EventDate "2011.11.29"]
[EventType "swiss"]
[EventRounds "4"]
[EventCountry "CAN"]
[SourceTitle "EXT 2013"]
[Source "ChessBase"]
[SourceDate "2012.11.22"]
[SourceVersion "1"]
[SourceVersionDate "2012.11.22"]
[SourceQuality "1"]

1. c4 e6 2. Nf3 d5 3. b3 Be7 4. Bb2 Bf6 5. d4 c5 6. e3 Nc6 7. Bd3 Nge7 8. O-O O-O 9. Ne5 dxc4 10. bxc4 Bxe5 11. dxe5 Ng6 12. Qe2 b6 13. Rd1 Qc7 14. Be4 Bb7 15. f4 Rad8 16. Nc3 a6 17. Nd5 exd5 18. cxd5 Na5 19. Rac1 Rfe8 20. Qh5 b5 21. d6 Qb6 22. Bxb7 Nxb7 23. d7 Re7 24. Qf5 Qc6 25. h4 Rexd7 26. Rxd7 Qxd7 27. Qxd7 Rxd7 28. h5 Ne7 0-1

[Event "Defi Nez Rouge"]
[Site "Gatineau CAN"]
[Date "2011.11.29"]
[Round "1"]
[White "Gagnon, Fabien"]
[Black "Scantland, Patrick"]
[Result "1-0"]
[WhiteElo "1961"]
[BlackElo "1748"]
[PlyCount "43"]
[GameId "2160767909573346"]
[EventDate "2011.11.29"]
[EventType "swiss"]
[EventRounds "4"]
[EventCountry "CAN"]
[SourceTitle "EXT 2013"]
[Source "ChessBase"]
[SourceDate "2012.11.22"]
[SourceVersion "1"]
[SourceVersionDate "2012.11.22"]
[SourceQuality "1"]

1. e4 c5 2. Nf3 d6 3. d4 cxd4 4. Nxd4 Nf6 5. Nc3 a6 6. f4 Qc7 7. Be2 e5 8. Nf3 Be7 9. Be3 Nbd7 10. h3 b5 11. fxe5 dxe5 12. O-O O-O 13. Rc1 Bb7 14. Nd5 Bxd5 15. exd5 Rfd8 16. c4 bxc4 17. Bxc4 Qd6 18. Bb3 Rac8 19. Qe2 Ne4 20. Rfd1 Ndc5 21. Bc2 Ng3 22. Qe1 1-0

[Event "Defi Nez Rouge"]
[Site "Gatineau CAN"]
[Date "2011.11.29"]
[Round "1"]
[White "Lecorre, Joel"]
[Black "Morones, Oliver"]
[Result "1-0"]
[WhiteElo "1659"]
[BlackElo "1222"]
[PlyCount "79"]
[GameId "2160767909573347"]
[EventDate "2011.11.29"]
[EventType "swiss"]
[EventRounds "4"]
[EventCountry "CAN"]
[SourceTitle "EXT 2013"]
[Source "ChessBase"]
[SourceDate "2012.11.22"]
[SourceVersion "1"]
[SourceVersionDate "2012.11.22"]
[SourceQuality "1"]

1. e4 e6 2. d4 d6 3. Nf3 h6 4. Bd3 Bd7 5. b3 a6 6. Bb2 Nf6 7. O-O Nh7 8. c4 Ng5 9. Nbd2 Nc6 10. a3 Qe7 11. h4 Nxf3+ 12. Nxf3 e5 13. d5 Nd4 14. Bxd4 exd4 15. g3 Bg4 16. Be2 Bxf3 17. Bxf3 Qe5 18. Bg4 h5 19. f4 Qe7 20. Bh3 Qf6 21. b4 Be7 22. Qa4+ b5 23. cxb5 O-O 24. bxa6 Qg6 25. Kh2 Qxe4 26. Rfe1 Qf3 27. Rxe7 Qxd5 28. Bg2 Rxa6 29. Qxa6 Qb3 30. Qe2 g6 31. Rxc7 d5 32. Qc2 Qe3 33. Bxd5 d3 34. Qg2 d2 35. Rd1 Qxa3 36. Qxd2 Qa4 37. Qc2 Qa6 38. b5 Qf6 39. Rc6 Qg7 40. Rxg6 1-0

[Event "Defi Nez Rouge"]
[Site "Gatineau CAN"]
[Date "2011.11.29"]
[Round "1"]
[White "Lemieux, Denis"]
[Black "Morel, Joseph"]
[Result "0-1"]
[WhiteElo "1435"]
[BlackElo "1603"]
[PlyCount "96"]
[GameId "2160767909573348"]
[EventDate "2011.11.29"]
[EventType "swiss"]
[EventRounds "4"]
[EventCountry "CAN"]
[SourceTitle "EXT 2013"]
[Source "ChessBase"]
[SourceDate "2012.11.22"]
[SourceVersion "1"]
[SourceVersionDate "2012.11.22"]
[SourceQuality "1"]

1. d4 Nf6 2. c4 e6 3. Nc3 d5 4. Bf4 a6 5. e3 dxc4 6. Bxc4 b5 7. Bd3 Bb7 8. Nf3 Bd6 9. Bxd6 Qxd6 10. h3 Nbd7 11. O-O O-O 12. Be2 Rac8 13. Rc1 c5 14. dxc5 Qxc5 15. a3 Rfd8 16. Na2 Qe7 17. Rxc8 Rxc8 18. Nc3 Nc5 19. Nd4 Nce4 20. Nxe4 Nxe4 21. Bd3 Qg5 22. Qg4 Qxg4 23. hxg4 Nd2 24. Rd1 Ne4 25. f3 Nc5 26. Bb1 Na4 27. b3 Nc3 28. Rc1 e5 29. Kf2 exd4 30. Rh1 Nxb1 31. Rxb1 d3 32. e4 d2 33. Rd1 Rd8 34. Ke3 Kf8 35. Rxd2 Rxd2 36. Kxd2 Ke7 37. Kd3 Kd6 38. Kd4 f6 39. f4 g6 40. g3 Bc8 41. e5+ fxe5+ 42. fxe5+ Kc6 43. g5 Be6 44. b4 Bf5 45. Ke3 Kd5 46. Kf4 Be6 47. g4 Kd4 48. Kf3 Kxe5 0-1

[Event "Defi Nez Rouge"]
[Site "Gatineau CAN"]
[Date "2011.11.29"]
[Round "1"]
[White "Pilon, Robert"]
[Black "Legare, Gilles"]
[Result "1-0"]
[WhiteElo "1463"]
[BlackElo "1125"]
[PlyCount "74"]
[GameId "2160767909573349"]
[EventDate "2011.11.29"]
[EventType "swiss"]
[EventRounds "4"]
[EventCountry "CAN"]
[SourceTitle "EXT 2013"]
[Source "ChessBase"]
[SourceDate "2012.11.22"]
[SourceVersion "1"]
[SourceVersionDate "2012.11.22"]
[SourceQuality "1"]

1. e4 e6 2. d4 d6 3. Nf3 b6 4. Bd3 Ba6 5. O-O Be7 6. c3 Bxd3 7. Qxd3 Nf6 8. Be3 a5 9. Nbd2 a4 10. b3 a3 11. c4 Ng4 12. Bf4 O-O 13. h3 Nf6 14. Qc2 Nc6 15. Rad1 Nxd4 16. Nxd4 e5 17. Be3 exd4 18. Bxd4 c5 19. Bc3 Nh5 20. Nf3 Nf4 21. Bd2 Ng6 22. Rfe1 Ne5 23. Re3 Bg5 24. Nxg5 Qxg5 25. Rg3 Qd8 26. Bh6 Ng6 27. Be3 Qf6 28. Bc1 Nf4 29. Rf3 g5 30. Bxf4 gxf4 31. Qc1 Kh8 32. Rxf4 Rg8 33. Rxf6 Rg7 34. Rdxd6 Rag8 35. g3 h5 36. Qf4 Rh7 37. Rxf7 h4 1-0

[Event "Defi Nez Rouge"]
[Site "Gatineau CAN"]
[Date "2011.11.29"]
[Round "1"]
[White "Simard, Paul"]
[Black "Menard, Marc"]
[Result "0-1"]
[WhiteElo "1138"]
[BlackElo "1490"]
[PlyCount "70"]
[GameId "2160767909573350"]
[EventDate "2011.11.29"]
[EventType "swiss"]
[EventRounds "4"]
[EventCountry "CAN"]
[SourceTitle "EXT 2013"]
[Source "ChessBase"]
[SourceDate "2012.11.22"]
[SourceVersion "1"]
[SourceVersionDate "2012.11.22"]
[SourceQuality "1"]

1. g3 e5 2. d3 d5 3. Nf3 Nc6 4. Bg2 Nf6 5. O-O Bd6 6. Bg5 h6 7. Bxf6 Qxf6 8. a3 e4 9. dxe4 dxe4 10. Nh4 Qxb2 11. Nd2 g5 12. Nxe4 gxh4 13. gxh4 Qd4 14. e3 Qxd1 15. Rfxd1 Be5 16. Rab1 Rg8 17. Kh1 Bf5 18. f4 Rxg2 19. Ng3 Rxg3 20. hxg3 Bf6 21. Rb5 Bxc2 22. Rc1 Be4+ 23. Kh2 O-O-O 24. Rh5 Rd2+ 25. Kg1 Bg7 26. Rhc5 Rg2+ 27. Kf1 Rxg3 28. Rd1 Rxe3 29. Rc4 Bd3+ 30. Rxd3 Rxd3 31. Ke2 Rd4 32. Rc5 Rxf4 33. h5 f5 34. Rd5 Rh4 35. Ke3 Rxh5 0-1

[Event "Defi Nez Rouge"]
[Site "Gatineau CAN"]
[Date "2011.11.29"]
[Round "1"]
[White "Traversy, Pierre"]
[Black "Beland, Guy"]
[Result "0-1"]
[WhiteElo "1115"]
[BlackElo "1448"]
[PlyCount "80"]
[GameId "2160767909573351"]
[EventDate "2011.11.29"]
[EventType "swiss"]
[EventRounds "4"]
[EventCountry "CAN"]
[SourceTitle "EXT 2013"]
[Source "ChessBase"]
[SourceDate "2012.11.22"]
[SourceVersion "1"]
[SourceVersionDate "2012.11.22"]
[SourceQuality "1"]

1. e4 c5 2. Nf3 Nc6 3. Bb5 d6 4. Nc3 e6 5. d3 Be7 6. O-O Nf6 7. Re1 O-O 8. Bxc6 bxc6 9. h3 e5 10. Ne2 d5 11. exd5 cxd5 12. Kh1 Bd6 13. b3 Bb7 14. Neg1 Qc7 15. Bb2 d4 16. Nd2 Nd5 17. Ne4 f5 18. Nxd6 Qxd6 19. c4 Nf4 20. f3 Rac8 21. Bc1 Ng6 22. Bg5 e4 23. fxe4 fxe4 24. Rf1 Rxf1 25. Qxf1 Rf8 26. Qe2 e3 27. Rf1 Nf4 28. Bxf4 Rxf4 29. Nf3 Qf6 30. Kh2 a5 31. a4 Qd6 32. Kg1 h6 33. Kh1 g5 34. g3 Rf6 35. Kg2 h5 36. g4 h4 37. Kh1 Qg3 38. Qg2 Bxf3 39. Rxf3 Rxf3 40. Qxg3 Rxg3 0-1

[Event "Defi Nez Rouge"]
[Site "Gatineau CAN"]
[Date "2011.11.29"]
[Round "1"]
[White "Villeneuve, Luc"]
[Black "Berthiaume, Serge"]
[Result "0-1"]
[WhiteElo "1575"]
[BlackElo "1417"]
[PlyCount "120"]
[GameId "2160767909573352"]
[EventDate "2011.11.29"]
[EventType "swiss"]
[EventRounds "4"]
[EventCountry "CAN"]
[SourceTitle "EXT 2013"]
[Source "ChessBase"]
[SourceDate "2012.11.22"]
[SourceVersion "1"]
[SourceVersionDate "2012.11.22"]
[SourceQuality "1"]

1. g3 e5 2. Bg2 d5 3. d3 Be6 4. Nf3 Bd6 5. Nbd2 Qd7 6. Ng5 Nf6 7. Nxe6 fxe6 8. e3 Nc6 9. a3 O-O 10. O-O Qf7 11. b4 Qg6 12. b5 Ne7 13. Bb2 Rf7 14. Nf3 Ng4 15. h3 Nxe3 16. fxe3 Qxg3 17. Qe1 Nf5 18. Qxg3 Nxg3 19. Rfe1 Raf8 20. Nxe5 Rf2 21. Rac1 Ne2+ 22. Rxe2 Rxe2 23. Rf1 Rxe3 24. Rxf8+ Kxf8 25. Nf3 Re2 26. Bd4 b6 27. c4 dxc4 28. dxc4 Bxa3 29. Bf1 Ra2 30. Ng5 Ke7 31. Ne4 Bb2 32. Bf2 Ra4 33. Kg2 h6 34. Kf3 Ra3+ 35. Kg2 Ra4 36. Kf3 e5 37. Bh4+ Kd7 38. Bg3 c6 39. c5 Ra3+ 40. Kg2 Re3 41. Nd2 bxc5 42. bxc6+ Kxc6 43. Nc4 Rxg3+ 44. Kxg3 Kd5 45. Nxb2 Kd4 46. Kf3 a5 47. Nc4 a4 48. Ke2 Kxc4 49. Kd2+ Kb3 50. Kc1 c4 51. Kb1 c3 52. Bd3 a3 53. Bc2+ Kb4 54. Ka2 h5 55. h4 Kc4 56. Kxa3 Kd4 57. Kb4 e4 58. Bd1 Kd3 59. Kb3 e3 60. Bxh5 Kd2 0-1

[Event "Defi Nez Rouge"]
[Site "Gatineau CAN"]
[Date "2011.12.06"]
[Round "2"]
[White "Arsenault, Yves"]
[Black "Jiang, Qizhe"]
[Result "1-0"]
[WhiteElo "1537"]
[BlackElo "1343"]
[PlyCount "51"]
[GameId "2160767909573353"]
[EventDate "2011.11.29"]
[EventType "swiss"]
[EventRounds "4"]
[EventCountry "CAN"]
[SourceTitle "EXT 2013"]
[Source "ChessBase"]
[SourceDate "2012.11.22"]
[SourceVersion "1"]
[SourceVersionDate "2012.11.22"]
[SourceQuality "1"]

1. e4 d6 2. d4 g6 3. Nf3 Bg7 4. h3 Nf6 5. Nc3 O-O 6. Bd3 e5 7. dxe5 dxe5 8. Bg5 Nc6 9. Qd2 Be6 10. O-O Qd7 11. a3 Nd4 12. Nxe5 Qc8 13. Ne2 Nxe4 14. Bxe4 Nxe2+ 15. Qxe2 Bxe5 16. Bxb7 Qxb7 17. Qxe5 Bf5 18. Qf6 Qb6 19. Qxb6 cxb6 20. c3 Kg7 21. Rfe1 Rfe8 22. Be3 h5 23. Rad1 Rad8 24. Rd4 Bc2 25. Re2 Rxd4 26. Bxd4+ 1-0

[Event "Defi Nez Rouge"]
[Site "Gatineau CAN"]
[Date "2011.12.06"]
[Round "2"]
[White "Beland, Guy"]
[Black "Simard, Paul"]
[Result "1-0"]
[WhiteElo "1448"]
[BlackElo "1138"]
[PlyCount "49"]
[GameId "2160767909573354"]
[EventDate "2011.11.29"]
[EventType "swiss"]
[EventRounds "4"]
[EventCountry "CAN"]
[SourceTitle "EXT 2013"]
[Source "ChessBase"]
[SourceDate "2012.11.22"]
[SourceVersion "1"]
[SourceVersionDate "2012.11.22"]
[SourceQuality "1"]

1. e4 d6 2. f4 e5 3. Nf3 Nc6 4. Bb5 a6 5. Bxc6+ bxc6 6. O-O Nf6 7. Nc3 Bg4 8. d4 Bxf3 9. Rxf3 g6 10. Be3 exd4 11. Bxd4 Bg7 12. Qe2 O-O 13. Rd1 c5 14. Bxc5 Rb8 15. Ba3 c5 16. Rfd3 Qb6 17. Kh1 Rfe8 18. Rxd6 Qc7 19. e5 Rbd8 20. Rxd8 Rxd8 21. Rxd8+ Qxd8 22. exf6 Bxf6 23. Bxc5 Qa5 24. Qe8+ Kg7 25. Qf8# 1-0

[Event "Defi Nez Rouge"]
[Site "Gatineau CAN"]
[Date "2011.12.06"]
[Round "2"]
[White "Berthiaume, Serge"]
[Black "Traversy, Pierre"]
[Result "1-0"]
[WhiteElo "1417"]
[BlackElo "1115"]
[PlyCount "68"]
[GameId "2160767909573355"]
[EventDate "2011.11.29"]
[EventType "swiss"]
[EventRounds "4"]
[EventCountry "CAN"]
[SourceTitle "EXT 2013"]
[Source "ChessBase"]
[SourceDate "2012.11.22"]
[SourceVersion "1"]
[SourceVersionDate "2012.11.22"]
[SourceQuality "1"]

1. e4 c5 2. Bc4 e6 3. Nf3 Nc6 4. O-O Be7 5. d4 cxd4 6. Nxd4 d5 7. exd5 exd5 8. Bb5 Bd7 9. Nc3 Nf6 10. Nxc6 bxc6 11. Ba6 Rb8 12. b3 O-O 13. Be3 Qa5 14. Qe2 Qxc3 15. Bxa7 Rbe8 16. Qd1 Qa5 17. Qd3 Bc8 18. Bxc8 Rxc8 19. Bd4 Rfe8 20. c3 Qa8 21. b4 Qb7 22. Rae1 Ra8 23. Re2 Qd7 24. Qc2 Bd8 25. Rfe1 Rxe2 26. Rxe2 Be7 27. a4 Re8 28. a5 Bxb4 29. cxb4 Re6 30. Rxe6 Qxe6 31. Kf1 Qc8 32. b5 Ne4 33. Qxc6 Nd2+ 34. Ke1 Nc4 1-0

[Event "Defi Nez Rouge"]
[Site "Gatineau CAN"]
[Date "2011.12.06"]
[Round "2"]
[White "Cossette, Daniel"]
[Black "Guimond, Michel"]
[Result "1-0"]
[WhiteElo "2012"]
[BlackElo "1950"]
[PlyCount "155"]
[GameId "2160767909573356"]
[EventDate "2011.11.29"]
[EventType "swiss"]
[EventRounds "4"]
[EventCountry "CAN"]
[SourceTitle "EXT 2013"]
[Source "ChessBase"]
[SourceDate "2012.11.22"]
[SourceVersion "1"]
[SourceVersionDate "2012.11.22"]
[SourceQuality "1"]

1. e4 e6 2. d4 d5 3. Nc3 Bb4 4. exd5 exd5 5. Bd3 c6 6. Nge2 Nd7 7. O-O Ndf6 8. Re1 Ne7 9. Bg5 h6 10. Bxf6 gxf6 11. Ng3 h5 12. Nxh5 Qd6 13. Qf3 Kd8 14. g3 f5 15. Nf4 Qh6 16. h4 Bd6 17. Nce2 Kc7 18. c4 dxc4 19. Bxc4 Bd7 20. Ng2 Rh7 21. Rad1 Bb4 22. Rf1 Ng6 23. Bd3 Bd6 24. Bxf5 Rg8 25. Bxd7 Nxh4 26. Nxh4 Qxh4 27. Qg2 Qe7 28. Bf5 Rh5 29. Bd3 f5 30. Bxf5 Rxf5 31. Nc3 Qh7 32. Rfe1 Rh5 33. Qe4 Qh6 34. Kf1 Rg7 35. Re3 Rh2 36. Qf3 Qg6 37. Qe4 Qh5 38. Ke1 Rf7 39. Re2 Qg5 40. Qe3 Qf6 41. Kd2 Re7 42. Qd3 Rxf2 43. Rxf2 Qxf2+ 44. Ne2 Bxg3 45. Qxg3+ Qxg3 46. Nxg3 Rg7 47. Rg1 Rh7 48. Ne2 Rh4 49. Rf1 Kb6 50. Rf3 Ka5 51. a3 Kb5 52. b3 Rh2 53. Kd3 a5 54. Nc3+ Ka6 55. Ne4 Rh6 56. Nc5+ Kb5 57. Nxb7 a4 58. b4 Rh1 59. Nd6+ Kb6 60. Nc4+ Ka6 61. Rf5 Rh3+ 62. Ke4 Rc3 63. Rc5 Rc1 64. Rxc6+ Ka7 65. b5 Re1+ 66. Kd5 Rh1 67. Ra6+ Kb8 68. Rxa4 Rh5+ 69. Kc6 Rh6+ 70. Kc5 Rh5+ 71. d5 Kb7 72. Ra6 Rh7 73. a4 Rc7+ 74. Rc6 Rh7 75. a5 Ka7 76. Nd6 Rh8 77. Rc7+ Kb8 78. Rc8+ 1-0

[Event "Defi Nez Rouge"]
[Site "Gatineau CAN"]
[Date "2011.12.06"]
[Round "2"]
[White "Desjardins, Michel"]
[Black "Gagnon, Fabien"]
[Result "1/2-1/2"]
[WhiteElo "1866"]
[BlackElo "1961"]
[PlyCount "37"]
[GameId "2160767909573357"]
[EventDate "2011.11.29"]
[EventType "swiss"]
[EventRounds "4"]
[EventCountry "CAN"]
[SourceTitle "EXT 2013"]
[Source "ChessBase"]
[SourceDate "2012.11.22"]
[SourceVersion "1"]
[SourceVersionDate "2012.11.22"]
[SourceQuality "1"]

1. e4 c5 2. Nc3 a6 3. g3 b5 4. Bg2 Bb7 5. d3 e6 6. f4 d5 7. exd5 Nf6 8. Qe2 Nxd5 9. Ne4 Be7 10. Bd2 Nc6 11. Nf3 O-O 12. O-O Nd4 13. Nxd4 cxd4 14. c3 Qb6 15. Kh1 f5 16. Ng5 Bxg5 17. fxg5 Rae8 18. Qe5 dxc3 19. bxc3 1/2-1/2

[Event "Defi Nez Rouge"]
[Site "Gatineau CAN"]
[Date "2011.12.06"]
[Round "2"]
[White "Legare, Gilles"]
[Black "Berthiaume, Patrick"]
[Result "0-1"]
[WhiteElo "1125"]
[BlackElo "1311"]
[PlyCount "44"]
[GameId "2160767909573358"]
[EventDate "2011.11.29"]
[EventType "swiss"]
[EventRounds "4"]
[EventCountry "CAN"]
[SourceTitle "EXT 2013"]
[Source "ChessBase"]
[SourceDate "2012.11.22"]
[SourceVersion "1"]
[SourceVersionDate "2012.11.22"]
[SourceQuality "1"]

1. e4 e6 2. Nf3 d5 3. exd5 exd5 4. d4 Nf6 5. Bf4 Be7 6. Bd3 O-O 7. O-O Bg4 8. Nbd2 Nc6 9. c3 Nh5 10. Bg3 Bd6 11. Bxd6 Qxd6 12. Qc1 Nf4 13. Qc2 f5 14. Rfe1 Qg6 15. Kf1 Bxf3 16. g3 Nxd3 17. Qxd3 Be4 18. Nxe4 fxe4 19. Qb5 Qf5 20. Re2 Qf3 21. Qxd5+ Kh8 22. Rae1 Qh1# 0-1

[Event "Defi Nez Rouge"]
[Site "Gatineau CAN"]
[Date "2011.12.06"]
[Round "2"]
[White "Libersan, Mattieu"]
[Black "Danilov, Alex"]
[Result "1-0"]
[WhiteElo "1828"]
[BlackElo "1782"]
[PlyCount "39"]
[GameId "2160767909573359"]
[EventDate "2011.11.29"]
[EventType "swiss"]
[EventRounds "4"]
[EventCountry "CAN"]
[SourceTitle "EXT 2013"]
[Source "ChessBase"]
[SourceDate "2012.11.22"]
[SourceVersion "1"]
[SourceVersionDate "2012.11.22"]
[SourceQuality "1"]

1. e4 c5 2. Nf3 e6 3. d4 cxd4 4. Nxd4 Nc6 5. Nb5 d6 6. N1c3 a6 7. Nd4 Nf6 8. Bc4 Nxd4 9. Qxd4 b5 10. Bb3 Bb7 11. Bg5 Be7 12. O-O-O O-O 13. f4 Qc7 14. f5 Nd5 15. Bxe7 Nxc3 16. bxc3 Qxe7 17. fxe6 fxe6 18. Qxd6 Qxd6 19. Rxd6 Bxe4 20. Rxe6 1-0

[Event "Defi Nez Rouge"]
[Site "Gatineau CAN"]
[Date "2011.12.06"]
[Round "2"]
[White "Menard, Marc"]
[Black "Villeneuve, Luc"]
[Result "0-1"]
[WhiteElo "1490"]
[BlackElo "1575"]
[PlyCount "90"]
[GameId "2160767909573360"]
[EventDate "2011.11.29"]
[EventType "swiss"]
[EventRounds "4"]
[EventCountry "CAN"]
[SourceTitle "EXT 2013"]
[Source "ChessBase"]
[SourceDate "2012.11.22"]
[SourceVersion "1"]
[SourceVersionDate "2012.11.22"]
[SourceQuality "1"]

1. e4 g6 2. d4 Bg7 3. Nf3 d6 4. Nc3 c6 5. Bc4 e6 6. O-O Ne7 7. Bf4 O-O 8. Re1 d5 9. exd5 cxd5 10. Bb3 a6 11. a4 Nbc6 12. Qd2 Nf5 13. Ne2 h5 14. c3 Bd7 15. Ng3 Nxg3 16. Bxg3 b5 17. axb5 axb5 18. Rxa8 Qxa8 19. Ne5 Nxe5 20. Bxe5 Bxe5 21. Rxe5 Kg7 22. f4 Qd8 23. Qf2 Qf6 24. Bc2 Ra8 25. Re1 Rh8 26. Ra1 Rb8 27. Ra7 Be8 28. b4 Rc8 29. Qe3 h4 30. g3 hxg3 31. hxg3 Kf8 32. Rb7 Ra8 33. Bd3 Ra1+ 34. Kg2 Qh8 35. Bf1 Ra2+ 36. Be2 Qh5 37. Kf2 Qh2+ 38. Kf3 Qh1+ 39. Kf2 Ra1 40. Qd2 Qg1+ 41. Kf3 Qh1+ 42. Kf2 Qh2+ 43. Kf3 Rg1 44. Ke3 Rxg3+ 45. Bf3 Rxf3+ 0-1

[Event "Defi Nez Rouge"]
[Site "Gatineau CAN"]
[Date "2011.12.06"]
[Round "2"]
[White "Morel, Joseph"]
[Black "Pilon, Robert"]
[Result "1-0"]
[WhiteElo "1603"]
[BlackElo "1463"]
[PlyCount "66"]
[GameId "2160767909573361"]
[EventDate "2011.11.29"]
[EventType "swiss"]
[EventRounds "4"]
[EventCountry "CAN"]
[SourceTitle "EXT 2013"]
[Source "ChessBase"]
[SourceDate "2012.11.22"]
[SourceVersion "1"]
[SourceVersionDate "2012.11.22"]
[SourceQuality "1"]

1. d4 Nf6 2. c4 e5 3. dxe5 Ne4 4. a3 Bc5 5. e3 Qe7 6. Nf3 Nc6 7. b4 Nxb4 8. axb4 Bxb4+ 9. Nbd2 a5 10. Be2 Ng5 11. O-O O-O 12. Qc2 d6 13. Nxg5 Qxg5 14. exd6 Bxd6 15. Nf3 Qh6 16. c5 Be7 17. Bb2 Bg4 18. Nd4 Bxe2 19. Nxe2 Qg5 20. Bd4 Rfc8 21. Ng3 b5 22. cxb6 cxb6 23. Qb2 Rab8 24. Rfc1 Rxc1+ 25. Qxc1 Bb4 26. Qc7 Ra8 27. Bxb6 Qf6 28. Bd4 Qa6 29. Qd7 Rc8 30. Nf5 Qc4 31. g3 Qc2 32. Bxg7 a4 33. Qd4 Bc3 1-0